00393nam a2200169Ia 4500003000400000005001700004008004000021040000700061041001200068082001900080100002100099245004000120260003100160300000700191650001100198700001400209OSt20240813093403.0210210b1969 xxu||||| |||| 00| 0 eng d cAL aEnglish a809.88914 SAHV aSAHITYA AKADEMI. aVemana: Makers of Indian literature aN DbSahitya Akademic1969 a93 aVemana aV R Narla